<?xml version="1.0" encoding="UTF-8"?>
<record
    xmlns:xsi="http://www.w3.org/2001/XMLSchema-instance"
    xsi:schemaLocation="http://www.loc.gov/MARC21/slim http://www.loc.gov/standards/marcxml/schema/MARC21slim.xsd"
    xmlns="http://www.loc.gov/MARC21/slim">

  <leader>02129nam a22002417a 4500</leader>
  <controlfield tag="003">OSt</controlfield>
  <controlfield tag="005">20250425174946.0</controlfield>
  <controlfield tag="008">250425b           ||||| |||| 00| 0 spa d</controlfield>
  <datafield tag="020" ind1=" " ind2=" ">
    <subfield code="a">9788445009956</subfield>
  </datafield>
  <datafield tag="040" ind1=" " ind2=" ">
    <subfield code="c">CO-Mq BPB</subfield>
  </datafield>
  <datafield tag="041" ind1=" " ind2=" ">
    <subfield code="a">spa</subfield>
  </datafield>
  <datafield tag="082" ind1=" " ind2=" ">
    <subfield code="a">AN</subfield>
    <subfield code="b">HENg</subfield>
  </datafield>
  <datafield tag="100" ind1=" " ind2=" ">
    <subfield code="a">Hendrix, Grady</subfield>
    <subfield code="e">autor</subfield>
  </datafield>
  <datafield tag="245" ind1=" " ind2=" ">
    <subfield code="a">Gu&#xED;a Del Club De Lectura Para Matar Vampiros</subfield>
  </datafield>
  <datafield tag="264" ind1=" " ind2=" ">
    <subfield code="a">Barcelona, Espa&#xF1;a;</subfield>
    <subfield code="b">Minotauro,</subfield>
    <subfield code="c">2021</subfield>
  </datafield>
  <datafield tag="300" ind1=" " ind2=" ">
    <subfield code="a">471 p&#xE1;ginas;</subfield>
    <subfield code="b">Tapa rustica</subfield>
    <subfield code="c">23 cm</subfield>
  </datafield>
  <datafield tag="521" ind1=" " ind2=" ">
    <subfield code="a">A Patricia Campbell su existencia nunca le ha parecido tan insignificante. Su marido es un adicto al trabajo, sus hijos adolescentes tienen su propia vida, su suegra senil necesita cuidados constantes, y siente que siempre va un paso por detr&#xE1;s de su interminable lista de cosas por hacer. Lo &#xFA;nico que la mantiene viva es su club de lectura, un peque&#xF1;o grupo de mujeres de Charleston unidas por su amor a las novelas de cr&#xED;menes reales. En esas reuniones se habla de todo: desde la familia Manson a asuntos de sus propias familias.Una tarde despu&#xE9;s de la reuni&#xF3;n del club, Patricia es salvajemente atacada por una anciana vecina, lo que le llevar&#xE1; a conocer al atractivo sobrino de esta, James Harris. James es un hombre de mundo y muy le&#xED;do que despertar&#xE1; en Patricia sentimientos que no hab&#xED;a tenido en a&#xF1;os. Pero cuando al otro lado de la ciudad unos ni&#xF1;os empiezan a desaparecer y sus muertes son ignoradas por la polic&#xED;a local, empezar&#xE1; a sospechar que James Harris es m&#xE1;s un criminal que una r&#xE9;plica en carne y hueso de Brad Pitt.&#xBF;Cu&#xE1;l es el verdadero problema? James es un monstruo de una especie diferente, y Patricia le ha dejado entrar en su vida.Poco a poco, James se ir&#xE1; introduciendo en la vida cotidiana de Patricia tratando de apoderarse de todo lo que considera suyo, incluido su club de lectura. Sin embargo ella no est&#xE1; dispuesta a rendirse sin luchar en esta historia plagada de sangre sobre una relaci&#xF3;n de buena vecindad transformada en algo siniestro.</subfield>
  </datafield>
  <datafield tag="650" ind1=" " ind2=" ">
    <subfield code="a">Literatura universal</subfield>
  </datafield>
  <datafield tag="650" ind1=" " ind2=" ">
    <subfield code="a">Ficci&#xF3;n </subfield>
  </datafield>
  <datafield tag="650" ind1=" " ind2=" ">
    <subfield code="a">Cr&#xED;menes </subfield>
  </datafield>
  <datafield tag="700" ind1=" " ind2=" ">
    <subfield code="a">Pruneda, Paz</subfield>
    <subfield code="e">traductora</subfield>
  </datafield>
  <datafield tag="942" ind1=" " ind2=" ">
    <subfield code="2">ddc</subfield>
    <subfield code="c">BKLIT</subfield>
  </datafield>
  <datafield tag="999" ind1=" " ind2=" ">
    <subfield code="c">15907</subfield>
    <subfield code="d">15907</subfield>
  </datafield>
  <datafield tag="952" ind1=" " ind2=" ">
    <subfield code="0">0</subfield>
    <subfield code="1">0</subfield>
    <subfield code="2">ddc</subfield>
    <subfield code="4">0</subfield>
    <subfield code="7">0</subfield>
    <subfield code="8">LA</subfield>
    <subfield code="a">BPMOS</subfield>
    <subfield code="b">BPMOS</subfield>
    <subfield code="c">FIC</subfield>
    <subfield code="d">2025-04-25</subfield>
    <subfield code="e">Compra 2024</subfield>
    <subfield code="i">NT</subfield>
    <subfield code="l">2</subfield>
    <subfield code="m">2</subfield>
    <subfield code="o">AN HENg</subfield>
    <subfield code="p">MOS504325</subfield>
    <subfield code="r">2025-12-17</subfield>
    <subfield code="s">2025-11-13</subfield>
    <subfield code="t">Ej.1</subfield>
    <subfield code="w">2025-04-25</subfield>
    <subfield code="y">BKLIT</subfield>
    <subfield code="z">Quince dias</subfield>
  </datafield>
  <datafield tag="952" ind1=" " ind2=" ">
    <subfield code="0">0</subfield>
    <subfield code="1">0</subfield>
    <subfield code="2">ddc</subfield>
    <subfield code="4">0</subfield>
    <subfield code="7">0</subfield>
    <subfield code="8">LA</subfield>
    <subfield code="a">BPMOS</subfield>
    <subfield code="b">BPMOS</subfield>
    <subfield code="c">FIC</subfield>
    <subfield code="d">2025-04-25</subfield>
    <subfield code="e">Compra 2024</subfield>
    <subfield code="i">NT</subfield>
    <subfield code="l">1</subfield>
    <subfield code="m">2</subfield>
    <subfield code="o">AN HENg</subfield>
    <subfield code="p">MOS504326</subfield>
    <subfield code="r">2025-09-16</subfield>
    <subfield code="s">2025-07-22</subfield>
    <subfield code="t">Ej.2</subfield>
    <subfield code="w">2025-04-25</subfield>
    <subfield code="y">BKLIT</subfield>
    <subfield code="z">Quince dias</subfield>
  </datafield>
  <datafield tag="952" ind1=" " ind2=" ">
    <subfield code="0">0</subfield>
    <subfield code="1">0</subfield>
    <subfield code="2">ddc</subfield>
    <subfield code="4">0</subfield>
    <subfield code="7">0</subfield>
    <subfield code="8">LA</subfield>
    <subfield code="a">BPMOS</subfield>
    <subfield code="b">BPMOS</subfield>
    <subfield code="c">FIC</subfield>
    <subfield code="d">2025-04-25</subfield>
    <subfield code="e">Compra 2024</subfield>
    <subfield code="i">NT</subfield>
    <subfield code="l">1</subfield>
    <subfield code="m">2</subfield>
    <subfield code="o">AN HENg</subfield>
    <subfield code="p">MOS504327</subfield>
    <subfield code="r">2025-10-02</subfield>
    <subfield code="s">2025-08-22</subfield>
    <subfield code="t">Ej.3</subfield>
    <subfield code="w">2025-04-25</subfield>
    <subfield code="y">BKLIT</subfield>
    <subfield code="z">Quince dias</subfield>
  </datafield>
</record>
